000 00334nam a2200145 i 4500
001 bg
100 1 _aGOWER, Roger
245 0 _aReading Literature /
_cR. Gower, M. Pearson.
260 _aHarlow,
_c1992.
700 1 _aPEARSON, Margaret
040 _cBPK
041 _apol
942 _cKS
008 s pl f |000 0 pol
999 _c5767
_d5767
856 _uhttp://koha.tu.koszalin.pl/cgi-bin/koha/opac-detail.pl?biblionumber=5767
_yKatalog online BPK